Dog Breed Picture Quiz(Hard) - Statistics

General Stats
  • This quiz has been taken 30 times
  • The average score is 9 of 16
Answer Stats
Picture Answer % Correct
Clumber Spaniel
83%
Cesky Terrier
72%
Curly-Coated Retriever
72%
German Short-haired Pointer
72%
Anatolian Shepherd Dog
67%
American Hairless Terrier
61%
Finnish Lapphund
61%
Barbet
56%
Belgian Laekenois
56%
Belgian Tervuren
56%
Black Russian Terrier
50%
Bolognese
39%
Boykin Spaniel
39%
Drever
39%
Broholmer
33%
Brazilian Terrier
28%
No matching quizzes found
Score Distribution
Percent of People with Each Score
Percentile by Number Answered
Your Score History
You have not taken this quiz